Statystyki dla Kraje najbliższe Czarnogórze - Jednominutowy sprint

Kliknij tutaj aby rozwiązać quiz!

Ogólne statystyki

  • Ten quiz został rozwiązany 48 razy
  • Średni wynik to 15 z 20

Statystyki odpowiedzi

kmkraj% Poprawnych
0Bośnia i
Hercegowina
100%
0Kosowo
100%
0Albania
95%
0Chorwacja
95%
0Serbia
95%
178Grecja
92%
358Słowenia
92%
88Macedonia
Północna
86%
247Węgry
86%
223Rumunia
84%
175Bułgaria
78%
467Słowacja
76%
176Włochy
70%
416Austria
68%
585Czechy
68%
631Polska
68%
507Turcja
62%
568Ukraina
51%
497Watykan
16%
495San Marino
11%

Rozkład punktacji

Percentyl według liczby udzielonych odpowiedzi

Procent ludzi z każdym wynikiem

Twoja historia wyników

Nie rozwiązałeś tego quizu